000 00233nam a2200097Ia 4500
005 20251222114352.0
008 251222s1900||||xx |||||||||||||| ||spa||
082 _aDVD0124/L16/1992
245 0 _aEric Clapton: MTV Unplugged:
942 _cDVD
999 _c1269
_d1269